00958 2200289 4500001002100000005001700021008004100038035002400079090001500103100003000118245011800148260015200266300002300418500002700441650002300468700002500491700002300516700001300539850002100552980001400573985000600587986000900593999001500602999001500617990001800632990001800650YOGYA-0209000004276320090227025909.0 ind  0010-020900000042763 a819bPel N aPELAWI, Kencana Sembiring aNonang siriburoncpenulis Kencana Sembiring Pelawi, Helderia Sitanggang, Tatiek Kartikasari ; penyunting Hartatik ajakartabProyek Pengkajian dan Pembinaan Nilai-Nilai Budaya Direktorat Sejarah dan Nilai Tradisional Direktorat Jenderal Kebudayaan Depdikbudc1996 axi, 141 hlmc21 cm aBibliografi : hlm. 141 aKesusastraan Batak aSitanggang, Helderia aKartikasari, Tatik aHartatik aYOPDYOG [TRM 29] a18-8-2007 a2 aRuni a07A0025639 a07A0025640 a25640-PD/A.07 a25639-PD/A.07